Covid 19 y su incidencia en el trabajo clínico odontológico / (Registro nro. 5625)

Detalles MARC
000 -LEADER
fixed length control field 02179nam a2200253 4500
003 - CONTROL NUMBER IDENTIFIER
control field co-ctgcurn
005 - DATE AND TIME OF LATEST TRANSACTION
control field 20250329165503.0
007 - PHYSICAL DESCRIPTION FIXED FIELD--GENERAL INFORMATION
fixed length control field ta
008 - FIXED-LENGTH DATA ELEMENTS--GENERAL INFORMATION
fixed length control field 190415s2021 000 0 eng d
040 ## - CATALOGING SOURCE
Original cataloging agency CO-CtgCURN
Language of cataloging spa
Transcribing agency coctgcurn
082 0# - DEWEY DECIMAL CLASSIFICATION NUMBER
Classification number ODO 2021
Item number S785
100 1# - MAIN ENTRY--PERSONAL NAME
Personal name Stand Anillo, Nelson Junior.
245 10 - TITLE STATEMENT
Title Covid 19 y su incidencia en el trabajo clínico odontológico /
Statement of responsibility, etc. Nelson Junior Stand Anillo; asesor: Karina Cecilia Porras M.
260 ## - PUBLICATION, DISTRIBUTION, ETC.
Date of publication, distribution, etc. 2021.
260 #1 - PUBLICATION, DISTRIBUTION, ETC.
Place of publication, distribution, etc. Cartagena de Indias : :
Name of publisher, distributor, etc. Corporación Universitaria Rafael Nuñez,,
Date of publication, distribution, etc. 2021.
300 ## - PHYSICAL DESCRIPTION
Extent 78 hojas.
504 ## - BIBLIOGRAPHY, ETC. NOTE
Bibliography, etc. note Trabajo de grado (Odontologo).Corporación Universitaria Rafael Núñez. Facultad de Ciencias de Salud. Programa de Odontología, 2021.
520 ## - SUMMARY, ETC.
Summary, etc. "Esta monografía describe y expone como ha sido el devenir del trabajo clínico de los profesionales de la Odontología frente a la pandemia ocasionada por el virus denominado Covid 19, y en cómo su aparición ha incidido directa o indirectamente en la su labor odontológica-clínica debido al temor de un posible contagio en los consultorios, tanto del paciente o usuario como del odontólogo y todo el personal de salud, trabajo que ha sido considerado de alto riesgo de contagio, ya sea por causa de contacto con aerosoles, fluidos salivales o partículas salivales en forma paciente-odontólogo, además de otras posibilidades. La bibliografía empleada en este documento fue encontrada en bases de datos como Scielo, PubMed y OMS, entre otras, información valida a través de la cual se revela que en tiempos de pandemia la práctica dental es un área de la salud altamente riesgosa, contemplando que cualquier procedimiento en cavidad bucal ocasiona aerosoles y gotas que pueden estar o no contaminadas. "
650 14 - SUBJECT ADDED ENTRY--TOPICAL TERM
Topical term or geographic name entry element Odontología
Form subdivision Tesis y disertaciones academicas.
700 1# - ADDED ENTRY--PERSONAL NAME
Personal name Porras Mendoza, Karina Cecilia,
Relator term asesor.
856 ## - ELECTRONIC LOCATION AND ACCESS
Uniform Resource Identifier <a href="https://unicurn.sharepoint.com/:b:/s/biblioteca/EWftkLi-W1ZGpBNdDxHF_hcB1zcWWupmltmMiwqKhes0ZQ?e=Uomby7">https://unicurn.sharepoint.com/:b:/s/biblioteca/EWftkLi-W1ZGpBNdDxHF_hcB1zcWWupmltmMiwqKhes0ZQ?e=Uomby7</a>
Public note Click aqui para ver el recurso en texto completo
942 ## - ADDED ENTRY ELEMENTS (KOHA)
Source of classification or shelving scheme Dewey Decimal Classification
Institution code [OBSOLETE] TG
Koha item type Trabajos de grado
Classification part ODO 2021
Item part S785
Existencias
Withdrawn status Lost status Source of classification or shelving scheme Damaged status Not for loan Collection Home library Current library Shelving location Date acquired Source of acquisition Cost, normal purchase price Inventory number Total checkouts Full call number Barcode Date last seen Price effective from Koha item type
    Dewey Decimal Classification     Trabajos de grado Miguel Henríquez Emiliani Miguel Henríquez Emiliani Trabajo de grado 06/01/2021 El autor 350000.00 023763   ODO 2021 S785 023763 03/29/2025 03/29/2025 Libros